| 000 | 01535nac a22003851i 4500 | ||
|---|---|---|---|
| 003 | EG-ScBUE | ||
| 005 | 20250812085317.0 | ||
| 008 | 250721r20051992enka f b 001 0 eng d | ||
| 020 | _a0471972614 (pbk : acid-free paper) | ||
| 020 | _a9780471972617 | ||
| 040 |
_aEG-ScBUE _beng _erda _cEG-ScBUE _dEG-ScBUE |
||
| 041 | 1 |
_aeng _hfre |
|
| 082 | 0 | 4 |
_a543.21 _bROU _222 |
| 100 | 1 |
_aRouessac, Francis, _eauthor. |
|
| 240 | 1 | 0 |
_aAnalyse chimique. _lEnglish |
| 245 | 1 | 0 |
_aChemical analysis : _bmodern instrumental methods and techniques / _cFrancis Rouessac, Annick Rouessac ; translated by Michel Bertrand and Karen Waldron, University of Montreal. |
| 250 | _aEnglish edition. | ||
| 250 | _aReprint edition. | ||
| 264 | 1 |
_aChichester : _bJohn Wiley & Sons, LTD, _c2005. |
|
| 300 |
_axxiv, 445 pages : _billustrations ; _c25 cm |
||
| 336 |
_2rdacontent _atext _btxt |
||
| 337 |
_aunmediated _2rdamedia _bn |
||
| 338 |
_avolume _bnc _2rdacarrier |
||
| 500 | _aIncludes Appendices. | ||
| 504 | _aIncludes bibliographical references and index. | ||
| 546 | _aText in English ; translated from the original French language. | ||
| 650 | 7 |
_aInstrumental analysis. _2BUEsh |
|
| 655 | _vReading book | ||
| 700 | 1 |
_aRouessac, Annick, _eauthor. |
|
| 700 | 1 |
_aBertrand, Michel, _etranslator. |
|
| 700 | 1 |
_aWaldron, Karen, _etranslator. |
|
| 856 | 4 | 2 |
_3Publisher description _uhttp://www.loc.gov/catdir/description/wiley037/99058872.html |
| 856 | 4 | 2 |
_3Table of Contents _uhttp://www.loc.gov/catdir/toc/onix06/99058872.html |
| 942 |
_cBB _2ddc |
||
| 999 |
_c193 _d193 |
||